[Event "77th Ukrainian Chess Championship"]
[Site "Poltava"]
[Date "2008.12.02"]
[Round "1"]
[White "Kravtsiv, Martyn"]
[Black "Miroshnichenko, Evgenij"]
[Result "1/2-1/2"]
[WhiteElo "2549"]
[BlackElo "2632"]
[PlyCount "74"]
[EventDate "2008.12.02"]

1. e4 Nf6 2. e5 Nd5 3. d4 d6 4. Nf3 dxe5 5. Nxe5 c6 6. c4 Nb4 7. Nd3 Nxd3+ 8.
Qxd3 g6 9. Be3 Bg7 10. Nc3 O-O 11. Be2 Na6 12. Qd2 Qa5 13. O-O Be6 14. a3 Rad8
15. b4 Qc7 16. Rac1 Qd7 17. Rfd1 Nc7 18. h3 b5 19. cxb5 cxb5 20. Ne4 Bd5 21.
Nc5 Qc6 22. Bf1 Qb6 23. Bh6 Rfe8 24. Bxg7 Kxg7 25. Qc3 Rc8 26. Ra1 Kg8 27. a4
bxa4 28. Nxa4 Qb8 29. Nc5 Bc6 30. Qa3 Red8 31. Qxa7 Qxa7 32. Rxa7 e5 33. Rc1
exd4 34. Nb7 Bxb7 35. Rxb7 Nd5 36. Rxc8 Rxc8 37. Rd7 Nxb4 1/2-1/2

[Event "77th Ukrainian Chess Championship"]
[Site "Poltava"]
[Date "2008.12.02"]
[Round "1"]
[White "Kovchan, Alexander"]
[Black "Baklan, Vladimir"]
[Result "1/2-1/2"]
[WhiteElo "2545"]
[BlackElo "2625"]
[PlyCount "40"]
[EventDate "2008.12.02"]

1. e4 e6 2. d4 d5 3. Nc3 Nf6 4. Bg5 dxe4 5. Nxe4 Nbd7 6. Nf3 h6 7. Nxf6+ Nxf6
8. Bh4 c5 9. Bb5+ Bd7 10. Bxd7+ Qxd7 11. Bxf6 gxf6 12. dxc5 Qxd1+ 13. Rxd1 Bxc5
14. Ke2 Ke7 15. Rd3 Rhg8 16. g3 Rgd8 17. Rhd1 Rxd3 18. Rxd3 Bb6 19. Rc3 f5 20.
Rc4 Kf6 1/2-1/2

[Event "77th Ukrainian Chess Championship"]
[Site "Poltava"]
[Date "2008.12.02"]
[Round "1"]
[White "Kuzubov, Yuriy"]
[Black "Kononenko, Dmitry"]
[Result "1/2-1/2"]
[WhiteElo "2622"]
[BlackElo "2527"]
[PlyCount "41"]
[EventDate "2008.12.02"]

1. d4 Nf6 2. c4 c5 3. d5 e6 4. Nc3 exd5 5. cxd5 d6 6. e4 g6 7. Bd3 Bg7 8. h3
O-O 9. Nf3 b5 10. Bxb5 Nxe4 11. Nxe4 Qa5+ 12. Nfd2 Qxb5 13. Nxd6 Qa6 14. N2c4
Nd7 15. O-O Ne5 16. Nxe5 Qxd6 17. Nc4 Qa6 18. Ne3 Bb7 19. Qc2 Bd4 20. Rd1 Rad8
21. Bd2 1/2-1/2

[Event "77th Ukrainian Chess Championship"]
[Site "Poltava"]
[Date "2008.12.02"]
[Round "1"]
[White "Tukhaev, Adam"]
[Black "Korobov, Anton"]
[Result "1/2-1/2"]
[WhiteElo "2498"]
[BlackElo "2605"]
[PlyCount "84"]
[EventDate "2008.12.02"]

1. e4 c5 2. Nf3 d6 3. d4 cxd4 4. Nxd4 Nf6 5. Nc3 Nc6 6. Bg5 e6 7. Qd2 a6 8.
O-O-O h6 9. Bf4 Bd7 10. Nxc6 Bxc6 11. Qe3 Qc7 12. Be2 e5 13. Bg3 Be7 14. Kb1
Rc8 15. Rd2 O-O 16. f4 b5 17. Rhd1 b4 18. Nd5 Bxd5 19. exd5 exf4 20. Bxf4 Rfe8
21. Qd4 Nd7 22. Qxb4 Rb8 23. Qa3 Bf6 24. c3 Nc5 25. Bd3 Rb6 26. Re2 Rxe2 27.
Bxe2 Ne4 28. Kc2 Rxb2+ 29. Qxb2 Nxc3 30. Qb4 Nxe2+ 31. Kd3 Nxf4+ 32. Qxf4 Qc3+
33. Ke2 Qa3 34. Qc4 g6 35. Kf1 Be5 36. Kg1 Qe3+ 37. Kh1 Qa7 38. Rf1 Kg7 39. a4
a5 40. Qb5 h5 41. Qd3 Qe7 42. Qc4 Qa7 1/2-1/2

[Event "77th Ukrainian Chess Championship"]
[Site "Poltava"]
[Date "2008.12.02"]
[Round "1"]
[White "Drozdovskij, Yuri"]
[Black "Maximov, Dmitry"]
[Result "1/2-1/2"]
[WhiteElo "2587"]
[BlackElo "2497"]
[PlyCount "41"]
[EventDate "2008.12.02"]

1. d4 Nf6 2. c4 g6 3. Nc3 Bg7 4. Nf3 O-O 5. g3 d6 6. Bg2 Nbd7 7. O-O e5 8. e4
Re8 9. h3 exd4 10. Nxd4 Nc5 11. Re1 a5 12. Rb1 c6 13. Bf4 a4 14. b4 axb3 15.
axb3 h6 16. Qc2 Nfd7 17. Rbd1 Ne5 18. Be3 Qa5 19. f4 Ned7 20. Bf2 Qb4 21. Rb1
1/2-1/2

[Event "77th Ukrainian Chess Championship"]
[Site "Poltava"]
[Date "2008.12.02"]
[Round "1"]
[White "Sitnikov, Anton"]
[Black "Oleksienko, Mikhailo"]
[Result "1-0"]
[WhiteElo "2480"]
[BlackElo "2585"]
[PlyCount "89"]
[EventDate "2008.12.02"]

1. e4 c5 2. Nf3 Nc6 3. Bb5 d6 4. O-O Bd7 5. Re1 Nf6 6. c3 a6 7. Bf1 Bg4 8. h3
Bh5 9. d3 e6 10. Bf4 Be7 11. Nbd2 O-O 12. g4 Bg6 13. Bg2 Nd7 14. Nc4 b5 15. Ne3
Nde5 16. Nh2 Bh4 17. Bf1 f5 18. exf5 exf5 19. Ng2 fxg4 20. hxg4 c4 21. d4 Nd3
22. Bxd3 Bxd3 23. Qf3 Rc8 24. g5 Rxf4 25. Qxf4 Bxg5 26. Qg4 Bg6 27. Nf3 Bf6 28.
Nf4 Bf7 29. Re2 Ne7 30. Ng5 Bxg5 31. Qxg5 Nd5 32. Qxd8+ Rxd8 33. Nxd5 Bxd5 34.
Rae1 Kf7 35. Re7+ Kf6 36. Ra7 h5 37. Rxa6 g5 38. Rb6 h4 39. Rxb5 Bf3 40. Re3 g4
41. a4 h3 42. a5 Ra8 43. Kh2 Kf7 44. Rxf3+ gxf3 45. Kxh3 1-0

[Event "77th Ukrainian Chess Championship"]
[Site "Poltava"]
[Date "2008.12.02"]
[Round "1"]
[White "Borovikov, Vladislav"]
[Black "Zherebukh, Yaroslav"]
[Result "1-0"]
[WhiteElo "2580"]
[BlackElo "2473"]
[PlyCount "59"]
[EventDate "2008.12.02"]

1. d4 Nf6 2. Nf3 e6 3. c4 b6 4. Nc3 Bb7 5. a3 d5 6. cxd5 Nxd5 7. e3 g6 8. Bb5+
c6 9. Bd3 Bg7 10. O-O Qc7 11. Bd2 Nd7 12. Rc1 O-O 13. e4 Nxc3 14. Bxc3 e5 15.
Bb4 Rfc8 16. Bc4 exd4 17. Bxf7+ Kh8 18. Ba2 c5 19. Ng5 h6 20. Qg4 Nf6 21. Qh4
Nxe4 22. Nxe4 Qe5 23. Nxc5 bxc5 24. Bd2 g5 25. Qh3 Bd5 26. f4 Qd6 27. Bxd5 Qxd5
28. fxg5 Rab8 29. g6 Rc6 30. Bxh6 1-0

[Event "77th Ukrainian Chess Championship"]
[Site "Poltava"]
[Date "2008.12.02"]
[Round "1"]
[White "Nyzhnyk, Illya"]
[Black "Neverov, Valeriy"]
[Result "1-0"]
[WhiteElo "2444"]
[BlackElo "2571"]
[PlyCount "85"]
[EventDate "2008.12.02"]

1. e4 c5 2. Nf3 d6 3. d4 cxd4 4. Nxd4 Nf6 5. f3 a6 6. c4 e5 7. Nb3 Be6 8. Nc3
Nbd7 9. Be3 Be7 10. Be2 Rc8 11. Nd5 Bxd5 12. cxd5 Nh5 13. Qd2 Nf4 14. Bf1 O-O
15. g3 Nh5 16. Bd3 g6 17. O-O f5 18. exf5 gxf5 19. f4 Ng7 20. fxe5 Nxe5 21. Nd4
Qd7 22. Bh6 Bf6 23. Bxg7 Qxg7 24. Ne6 Qg4 25. Bxf5 Nf3+ 26. Rxf3 Qxf3 27. Rf1
Qh5 28. Nxf8 Rxf8 29. Qc2 Kh8 30. Kg2 Be5 31. Bg6 Qh6 32. Rxf8+ Qxf8 33. Bxh7
Qg7 34. Bf5 Bxb2 35. Qc8+ Qg8 36. Qxb7 Be5 37. Qc8 Qxc8 38. Bxc8 a5 39. h4 a4
40. Kf3 a3 41. g4 Bc3 42. g5 Bd2 43. Kg4 1-0

[Event "77th Ukrainian Chess Championship"]
[Site "Poltava"]
[Date "2008.12.02"]
[Round "1"]
[White "Zubov, Alexander"]
[Black "Boroday, Sergey"]
[Result "1/2-1/2"]
[WhiteElo "2564"]
[BlackElo "2370"]
[PlyCount "79"]
[EventDate "2008.12.02"]

1. d4 Nf6 2. c4 g6 3. Nc3 Bg7 4. e4 d6 5. Nge2 O-O 6. Ng3 c5 7. d5 e6 8. Be2
exd5 9. cxd5 a6 10. a4 Nbd7 11. O-O Re8 12. Be3 Rb8 13. Qd2 h5 14. Bg5 Nf8 15.
f3 N8h7 16. Bh6 h4 17. Nh1 Bd7 18. Bxg7 Kxg7 19. a5 Qe7 20. Nf2 Qe5 21. Bc4 Nh5
22. Ne2 f5 23. Nd3 Qe7 24. Nc3 Qf6 25. e5 dxe5 26. Nxc5 Rbd8 27. Rad1 Nf8 28.
Ne2 b6 29. Nxd7 Rxd7 30. axb6 Qxb6+ 31. Kh1 Qf6 32. Qe3 Rd6 33. f4 Nd7 34. Kg1
Re7 35. Qf2 Nxf4 36. Nxf4 exf4 37. Qxf4 Re4 38. Qxe4 fxe4 39. Rxf6 Kxf6 40. Re1
1/2-1/2

[Event "77th Ukrainian Chess Championship"]
[Site "Poltava"]
[Date "2008.12.02"]
[Round "1"]
[White "Pavlov, Maxim"]
[Black "Brodsky, Michail"]
[Result "0-1"]
[WhiteElo "2367"]
[BlackElo "2551"]
[PlyCount "64"]
[EventDate "2008.12.02"]

1. d4 Nf6 2. c4 e6 3. Nc3 Bb4 4. Qc2 O-O 5. a3 Bxc3+ 6. Qxc3 d6 7. Bg5 Nbd7 8.
f3 d5 9. e4 dxe4 10. O-O-O b6 11. h4 Bb7 12. Rh3 Re8 13. Qe3 Qe7 14. h5 e5 15.
d5 Qc5 16. Qc3 Qd6 17. Rh4 exf3 18. gxf3 c6 19. dxc6 Qxc6 20. h6 g6 21. Bh3 Nf8
22. Rf4 exf4 23. Bxf6 Ba6 24. Bf1 Re3 25. Qd4 Ne6 26. Qd5 Rc8 27. Kb1 Bxc4 28.
Bxc4 Qxc4 29. Nh3 Qxd5 30. Rxd5 Rxf3 31. Ng5 Nxg5 32. Bxg5 Rf1+ 0-1

[Event "77th Ukrainian Chess Championship"]
[Site "Poltava"]
[Date "2008.12.02"]
[Round "1"]
[White "Gasanov, Eldar"]
[Black "Shtanko, Dmitro"]
[Result "1-0"]
[WhiteElo "2550"]
[BlackElo "2301"]
[PlyCount "101"]
[EventDate "2008.12.02"]

1. d4 d6 2. Nf3 Nd7 3. c4 e5 4. Nc3 Ngf6 5. e4 g6 6. Be2 Bg7 7. O-O O-O 8. Be3
Ng4 9. Bg5 Bf6 10. Bc1 Bg7 11. d5 Bh6 12. Ne1 Bxc1 13. Qxc1 h5 14. Nd3 a5 15.
h3 Ngf6 16. f4 Qe7 17. f5 Kg7 18. Qe3 Nc5 19. Nxc5 dxc5 20. Rf2 Bd7 21. Raf1
Ra6 22. Qg5 Re8 23. h4 Rd6 24. Bd1 Nh7 25. Qg3 Nf6 26. Qg5 Nh7 27. Qg3 Nf6 28.
a3 Rg8 29. b4 axb4 30. axb4 b6 31. bxc5 bxc5 32. fxg6 fxg6 33. Qe3 Ra6 34. d6
Rxd6 35. Qxc5 Qd8 36. Qxe5 Re8 37. Qg5 Qe7 38. c5 Rc6 39. Ba4 Ra6 40. Nd5 Nxd5
41. Rf7+ Qxf7 42. Rxf7+ Kxf7 43. Qxd5+ Be6 44. Bxe8+ Kxe8 45. Qb7 Ra1+ 46. Kh2
Kd8 47. c6 Rf1 48. Qb8+ Bc8 49. Qb5 Rf7 50. Qd5+ Ke8 51. Qe5+ 1-0

[Event "77th Ukrainian Chess Championship"]
[Site "Poltava"]
[Date "2008.12.02"]
[Round "1"]
[White "Solovchuk, Alexey"]
[Black "Vovk, Yuri"]
[Result "0-1"]
[WhiteElo "2285"]
[BlackElo "2549"]
[PlyCount "64"]
[EventDate "2008.12.02"]

1. e4 c5 2. g3 Nc6 3. Bg2 g6 4. Ne2 Bg7 5. c3 e5 6. d3 Nge7 7. Be3 b6 8. d4
exd4 9. cxd4 cxd4 10. Nxd4 Ba6 11. Nc3 O-O 12. Bf1 Bb7 13. Bg2 d5 14. Nxc6 Bxc6
15. Nxd5 Bxb2 16. Rb1 Nxd5 17. exd5 Bc3+ 18. Kf1 Bb7 19. Bf3 Qd6 20. Qd3 Be5
21. Kg2 Rfd8 22. Rhd1 Rac8 23. Rb3 Rc7 24. Qb5 Bc8 25. Qe2 Bf5 26. Rd2 h5 27.
Bg5 f6 28. Be3 Rc1 29. h4 Rdc8 30. Qa6 Qd7 31. Ra3 Bh3+ 32. Kh2 Bf1 0-1

[Event "77th Ukrainian Chess Championship"]
[Site "Poltava"]
[Date "2008.12.03"]
[Round "2"]
[White "Brodsky, Michail"]
[Black "Sitnikov, Anton"]
[Result "1/2-1/2"]
[WhiteElo "2551"]
[BlackElo "2480"]
[PlyCount "99"]
[EventDate "2008.12.02"]

1. Nf3 e6 2. c4 d5 3. d4 c6 4. Nc3 dxc4 5. Bg5 Qa5 6. g3 Nf6 7. Bxf6 gxf6 8.
Bg2 Bb4 9. Qc1 Nd7 10. O-O b5 11. a4 Qb6 12. Qf4 Bb7 13. Ne4 Be7 14. Nd6+ Bxd6
15. Qxd6 a6 16. Rfc1 Rd8 17. axb5 cxb5 18. Qb4 Rc8 19. b3 cxb3 20. Rxc8+ Bxc8
21. Nd2 b2 22. Ra2 Bb7 23. Rxb2 Bxg2 24. Kxg2 f5 25. e4 Qc6 26. f3 Nf6 27. d5
exd5 28. exf5 Kd7 29. Qd4 Rc8 30. Ra2 Rc7 31. Nb3 Qc3 32. Rxa6 Qxd4 33. Nxd4
Ne8 34. Nxb5 Rb7 35. Ra5 Kc6 36. Nd4+ Kd6 37. Ra2 Ke5 38. Rd2 Nc7 39. g4 Nb5
40. Ne2 d4 41. Kg3 Ra7 42. Rb2 Nc3 43. Nf4 Ra3 44. Nd3+ Kd5 45. Kf4 Nd1 46. Rd2
Ne3 47. Kg5 Nc4 48. Nb4+ Kc5 49. Nd3+ Kd6 50. Rd1 1/2-1/2

[Event "77th Ukrainian Chess Championship"]
[Site "Poltava"]
[Date "2008.12.03"]
[Round "2"]
[White "Nyzhnyk, Illya"]
[Black "Gasanov, Eldar"]
[Result "1/2-1/2"]
[WhiteElo "2444"]
[BlackElo "2550"]
[PlyCount "41"]
[EventDate "2008.12.02"]

1. e4 e5 2. Nf3 Nc6 3. Bb5 a6 4. Ba4 Nf6 5. d3 b5 6. Bb3 Be7 7. O-O O-O 8. c3
d6 9. a4 b4 10. a5 Rb8 11. Nbd2 Be6 12. Bxe6 fxe6 13. c4 Nd7 14. Nb3 Nc5 15.
Be3 Qe8 16. Ne1 Qg6 17. Bxc5 dxc5 18. Qe2 Rbd8 19. Nc2 Qh6 20. Rad1 Rd7 21. Kh1
1/2-1/2

[Event "77th Ukrainian Chess Championship"]
[Site "Poltava"]
[Date "2008.12.03"]
[Round "2"]
[White "Miroshnichenko, Evgenij"]
[Black "Kovchan, Alexander"]
[Result "1-0"]
[WhiteElo "2632"]
[BlackElo "2545"]
[PlyCount "99"]
[EventDate "2008.12.02"]

1. Nf3 c5 2. c4 Nc6 3. Nc3 g6 4. e3 d6 5. d4 Bg4 6. Be2 e5 7. d5 Bxf3 8. Bxf3
Nb8 9. a3 Bh6 10. b4 Na6 11. Qa4+ Qd7 12. Nb5 Ke7 13. Bb2 f5 14. O-O Nf6 15.
Be2 Kf7 16. Qb3 Rhe8 17. Nc3 Qe7 18. Rae1 Bg7 19. f3 h5 20. Bd3 Kg8 21. Re2 Rf8
22. Nb5 h4 23. Bc3 Nh5 24. Be1 e4 25. Bc2 exf3 26. Rxf3 h3 27. gxh3 Kh7 28. Bg3
Be5 29. Bd3 Qg5 30. Rg2 Nxg3 31. hxg3 Kg7 32. h4 Qf6 33. Rgf2 Rf7 34. Kg2 Rh8
35. Qb1 Qd8 36. Nxa7 cxb4 37. axb4 Bc3 38. Nb5 Bxb4 39. Nd4 Kg8 40. Ne6 Qe8 41.
Bxf5 gxf5 42. Rxf5 Rxf5 43. Qxf5 Bc3 44. Qg4+ Kh7 45. Rf5 Kh6 46. Qf4+ Kg6 47.
Rg5+ Kh7 48. Qf5+ Kh6 49. Rg7 Qxe6 50. Qg5# 1-0

[Event "77th Ukrainian Chess Championship"]
[Site "Poltava"]
[Date "2008.12.03"]
[Round "2"]
[White "Kononenko, Dmitry"]
[Black "Kryvoruchko, Yuriy"]
[Result "1/2-1/2"]
[WhiteElo "2527"]
[BlackElo "2627"]
[PlyCount "118"]
[EventDate "2008.12.02"]

1. e4 c5 2. Nf3 Nc6 3. d4 cxd4 4. Nxd4 Nf6 5. Nc3 e5 6. Ndb5 d6 7. Bg5 a6 8.
Na3 b5 9. Bxf6 gxf6 10. Nd5 f5 11. c3 Bg7 12. exf5 Bxf5 13. Nc2 O-O 14. Nce3
Be6 15. Bd3 f5 16. Qh5 e4 17. Bc2 Kh8 18. Nf4 Qe8 19. Qxe8 Raxe8 20. Bb3 Bd7
21. O-O-O Be5 22. g3 a5 23. Bd5 b4 24. Nc4 bxc3 25. bxc3 Rb8 26. Nxe5 Nxe5 27.
Kc2 Bb5 28. Rb1 Ng4 29. c4 Ba4+ 30. Kd2 Nxf2 31. Rhf1 Ng4 32. Ne6 Rfc8 33. Rxb8
Rxb8 34. Rxf5 e3+ 35. Ke2 Rb2+ 36. Ke1 Rb1+ 37. Ke2 Bd1+ 38. Kd3 Rb8 39. Rf1 e2
40. Re1 Rb2 41. Nf4 Rxa2 42. c5 Ra3+ 43. Kd2 dxc5 44. Nxe2 Bb3 45. Nc3 Bxd5 46.
Nxd5 Nxh2 47. Re7 Rxg3 48. Nf6 Rh3 49. Ra7 c4 50. Rxa5 Nf3+ 51. Ke3 c3 52. Rc5
c2 53. Ke4 Kg7 54. Rxc2 Ne1 55. Re2 Nd3 56. Nh5+ Rxh5 57. Kxd3 Rf5 58. Ke3 h5
59. Rf2 Rxf2 1/2-1/2

[Event "77th Ukrainian Chess Championship"]
[Site "Poltava"]
[Date "2008.12.03"]
[Round "2"]
[White "Baklan, Vladimir"]
[Black "Tukhaev, Adam"]
[Result "1-0"]
[WhiteElo "2625"]
[BlackElo "2498"]
[PlyCount "71"]
[EventDate "2008.12.02"]

1. e4 c5 2. Nf3 d6 3. d4 cxd4 4. Nxd4 Nf6 5. Nc3 g6 6. Be2 Bg7 7. O-O O-O 8.
Bg5 Nc6 9. Nb3 Be6 10. Kh1 Qc8 11. f3 Re8 12. Rb1 a6 13. f4 b5 14. Bf3 Rb8 15.
Nd5 Nd7 16. c3 a5 17. Rc1 f6 18. Bh4 Bf7 19. Nd4 e5 20. fxe5 dxe5 21. Nc2 Ne7
22. Nce3 Nxd5 23. Nxd5 Qc6 24. b4 Nb6 25. bxa5 Nxd5 26. exd5 Qc4 27. Bg3 Red8
28. d6 Rd7 29. a6 e4 30. Be2 Qc6 31. Rb1 Qxa6 32. a4 Qa5 33. Rxb5 Rxb5 34. Bxb5
Rd8 35. d7 Bf8 36. Qd4 1-0

[Event "77th Ukrainian Chess Championship"]
[Site "Poltava"]
[Date "2008.12.03"]
[Round "2"]
[White "Zubarev, Alexander"]
[Black "Kuzubov, Yuriy"]
[Result "1/2-1/2"]
[WhiteElo "2546"]
[BlackElo "2622"]
[PlyCount "87"]
[EventDate "2008.12.02"]

1. d4 d5 2. c4 c6 3. Nf3 Nf6 4. Nc3 a6 5. c5 Nbd7 6. Bf4 Nh5 7. Bd2 Nhf6 8. Bf4
Nh5 9. Bg5 h6 10. Bd2 g6 11. e4 dxe4 12. Nxe4 Ndf6 13. Nxf6+ Nxf6 14. Bc4 Bg7
15. O-O O-O 16. h3 Bf5 17. Qb3 Be4 18. Ne5 e6 19. Qe3 Bd5 20. Bd3 Nd7 21. f4 b6
22. cxb6 Nxb6 23. Ba5 Qb8 24. b3 Qb7 25. Rae1 Nd7 26. Kh2 Rfc8 27. Rf2 c5 28.
dxc5 Rxc5 29. Bb6 Rcc8 30. Bd4 Nf6 31. Nc4 Rd8 32. Be5 Bxc4 33. Bxc4 Nd5 34.
Qf3 Rd7 35. Rd2 Rad8 36. Bxg7 Kxg7 37. Red1 Rd6 38. f5 gxf5 39. Bxd5 Rxd5 40.
Rxd5 Rxd5 41. Rxd5 exd5 42. Qg3+ Kh7 43. Qd6 a5 44. Qc5 1/2-1/2

[Event "77th Ukrainian Chess Championship"]
[Site "Poltava"]
[Date "2008.12.03"]
[Round "2"]
[White "Boroday, Sergey"]
[Black "Drozdovskij, Yuri"]
[Result "0-1"]
[WhiteElo "2370"]
[BlackElo "2587"]
[PlyCount "76"]
[EventDate "2008.12.02"]

1. d4 Nf6 2. Nf3 d5 3. c4 e6 4. Nc3 Bb4 5. Qc2 dxc4 6. e3 b5 7. Bd2 c6 8. Be2
Bb7 9. O-O Be7 10. Ne5 Nbd7 11. f4 O-O 12. g4 c5 13. g5 Nd5 14. Nxb5 cxd4 15.
exd4 a6 16. Na3 Nxe5 17. fxe5 Qb6 18. Bc3 Ne3 19. Nxc4 Nxc4 20. Bxc4 Qc6 21.
Qe2 Bxg5 22. Kf2 f6 23. Kg3 fxe5 24. dxe5 Be3 25. Bb4 Bc5 26. Bxc5 Qxc5 27.
Bxe6+ Kh8 28. Bf7 Rad8 29. Rae1 Qe7 30. Bc4 Rxf1 31. Rxf1 Rd4 32. Rf4 Qg5+ 33.
Rg4 Rxg4+ 34. Qxg4 Qe3+ 35. Kh4 Qxe5 36. Qe2 Be4 37. Kh3 Qf4 38. Bd3 Qh6+ 0-1

[Event "77th Ukrainian Chess Championship"]
[Site "Poltava"]
[Date "2008.12.03"]
[Round "2"]
[White "Maximov, Dmitry"]
[Black "Zubov, Alexander"]
[Result "1/2-1/2"]
[WhiteElo "2497"]
[BlackElo "2564"]
[PlyCount "32"]
[EventDate "2008.12.02"]

1. e4 c5 2. Nf3 e6 3. c3 d5 4. exd5 Qxd5 5. d4 Nf6 6. Bd3 Nc6 7. O-O cxd4 8.
cxd4 Be7 9. Nc3 Qd6 10. Nb5 Qd8 11. Bf4 Nd5 12. Bg3 O-O 13. a3 a6 14. Nc3 Nxc3
15. bxc3 Bd6 16. Re1 Bxg3 1/2-1/2

[Event "77th Ukrainian Chess Championship"]
[Site "Poltava"]
[Date "2008.12.03"]
[Round "2"]
[White "Oleksienko, Mikhailo"]
[Black "Pavlov, Maxim"]
[Result "1-0"]
[WhiteElo "2585"]
[BlackElo "2367"]
[PlyCount "64"]
[EventDate "2008.12.02"]

1. e4 c5 2. Nf3 e6 3. d4 cxd4 4. Nxd4 a6 5. Nc3 Qc7 6. Be2 Nf6 7. O-O Be7 8. f4
d6 9. Kh1 O-O 10. a4 Nc6 11. Be3 Re8 12. a5 Nxa5 13. e5 dxe5 14. fxe5 Qxe5 15.
Bf4 Qc5 16. Na4 Qa7 17. Be3 Nd5 18. Bg1 b6 19. Bd3 Bf8 20. Nf3 Qe7 21. c4 b5
22. cxd5 bxa4 23. Qxa4 Nb7 24. Ng5 f5 25. dxe6 Qxg5 26. Qxe8 Nd6 27. Bc4 Qe7
28. Qxe7 Bxe7 29. Bd5 Rb8 30. Bc5 Rb5 31. Bxd6 Rxd5 32. Bxe7 Bxe6 1-0

[Event "77th Ukrainian Chess Championship"]
[Site "Poltava"]
[Date "2008.12.03"]
[Round "2"]
[White "Neverov, Valeriy"]
[Black "Shtanko, Dmitro"]
[Result "1-0"]
[WhiteElo "2571"]
[BlackElo "2301"]
[PlyCount "121"]
[EventDate "2008.12.02"]

1. d4 Nf6 2. c4 e6 3. Nc3 d5 4. cxd5 exd5 5. Bg5 Be7 6. e3 O-O 7. Bd3 c5 8.
dxc5 Nbd7 9. Nge2 Nxc5 10. O-O Be6 11. Nd4 Qd7 12. Bb5 Qd6 13. Na4 Nce4 14. Bf4
Qd8 15. Rc1 Rc8 16. Rxc8 Qxc8 17. Qa1 Qa8 18. f3 a6 19. Be2 b5 20. fxe4 bxa4
21. Qd1 a3 22. e5 Ne4 23. bxa3 Nc3 24. Qd3 Nxe2+ 25. Nxe2 Rc8 26. Nd4 Rc4 27.
Nf5 Bxf5 28. Qxf5 Qc8 29. Qxc8+ Rxc8 30. Rd1 Rc5 31. a4 g5 32. Bg3 Ra5 33. Be1
Rxa4 34. Rxd5 Rxa2 35. Bc3 Rc2 36. Bd4 Rc6 37. Kf2 Re6 38. Kf3 Kg7 39. Rd7 Kg6
40. Ke4 h5 41. Kd5 Kf5 42. Ra7 Kg4 43. Ke4 h4 44. Rb7 h3 45. g3 a5 46. Ra7 a4
47. Rxa4 Bf8 48. Ra2 Bb4 49. Rf2 Re7 50. Kd5 Be1 51. Rf1 Bxg3 52. Rg1 Rc7 53.
Rxg3+ Kh4 54. e6 fxe6+ 55. Kxe6 Rc2 56. Bf6 Rxh2 57. Rxg5 Rf2 58. Rf5+ Kg3 59.
Bh4+ Kxh4 60. Rxf2 Kg3 61. Ra2 1-0

[Event "77th Ukrainian Chess Championship"]
[Site "Poltava"]
[Date "2008.12.03"]
[Round "2"]
[White "Zherebukh, Yaroslav"]
[Black "Solovchuk, Alexey"]
[Result "1-0"]
[WhiteElo "2473"]
[BlackElo "2285"]
[PlyCount "65"]
[EventDate "2008.12.02"]

1. e4 c5 2. Nf3 d6 3. d4 cxd4 4. Nxd4 Nf6 5. Nc3 Nc6 6. f3 e6 7. Be3 a6 8. Qd2
Qc7 9. O-O-O Be7 10. g4 b5 11. Kb1 Rb8 12. Nxc6 Qxc6 13. h4 Nd7 14. Ne2 Ne5 15.
Nd4 Qb7 16. Qg2 Nc4 17. Bc1 O-O 18. g5 Bd7 19. f4 Rfc8 20. h5 b4 21. f5 e5 22.
Nb3 Bf8 23. g6 fxg6 24. hxg6 h6 25. f6 gxf6 26. g7 Bxg7 27. Bxc4+ Rxc4 28. Rdg1
Be6 29. Na5 Qa7 30. Nxc4 Bxc4 31. b3 Bb5 32. Bxh6 Rb7 33. Qg6 1-0

[Event "77th Ukrainian Chess Championship"]
[Site "Poltava"]
[Date "2008.12.04"]
[Round "3"]
[White "Sitnikov, Anton"]
[Black "Korobov, Anton"]
[Result "0-1"]
[WhiteElo "2480"]
[BlackElo "2605"]
[PlyCount "94"]
[EventDate "2008.12.02"]

1. d4 Nf6 2. Nf3 g6 3. Bf4 Bg7 4. e3 O-O 5. Be2 d6 6. h3 c5 7. O-O Qb6 8. Na3
Be6 9. Ng5 Bd5 10. c4 Bc6 11. Qb3 Na6 12. Nc2 Qa5 13. Rfd1 cxd4 14. exd4 e5 15.
Bd2 Qc7 16. Qa3 h6 17. Nf3 Ne4 18. Ba5 Qc8 19. Ne3 Re8 20. Rac1 b6 21. Be1 exd4
22. Nxd4 Bb7 23. Bf3 Nac5 24. Nb5 a6 25. Nd4 Ng5 26. Bxb7 Qxb7 27. b4 Nce4 28.
Nd5 b5 29. Qb3 Rac8 30. cxb5 Rxc1 31. Rxc1 Bxd4 32. bxa6 Qxa6 33. b5 Qb7 34.
Rc7 Qb8 35. Qc4 Ne6 36. Rc6 Nf6 37. Nxf6+ Bxf6 38. Bb4 Bd4 39. Bxd6 Qa7 40. Bg3
Bb6 41. a4 Kh7 42. Kf1 Rd8 43. Bd6 Rd7 44. Qg4 h5 45. Qe4 Nd4 46. Rc8 Rxd6 47.
Qe8 Rd8 0-1

[Event "77th Ukrainian Chess Championship"]
[Site "Poltava"]
[Date "2008.12.04"]
[Round "3"]
[White "Drozdovskij, Yuri"]
[Black "Brodsky, Michail"]
[Result "1-0"]
[WhiteElo "2587"]
[BlackElo "2551"]
[PlyCount "71"]
[EventDate "2008.12.02"]

1. d4 Nf6 2. c4 e6 3. Nc3 Bb4 4. Qc2 d5 5. a3 Bxc3+ 6. Qxc3 Ne4 7. Qc2 c5 8.
dxc5 Nc6 9. cxd5 exd5 10. e3 Bf5 11. Bd3 Qa5+ 12. b4 Nxb4 13. axb4 Qxa1 14. Ne2
Bd7 15. f3 Ba4 16. Qb2 Qxb2 17. Bxb2 Nf6 18. Nd4 Bd7 19. b5 Rc8 20. Ba3 a6 21.
bxa6 bxa6 22. Kd2 Bb5 23. Bxb5+ axb5 24. c6 Kd8 25. Rc1 Kc7 26. Nxb5+ Kb6 27.
Nd4 Kc7 28. Nf5 Rhd8 29. Be7 Re8 30. Bd6+ Kd8 31. Bb4 Ra8 32. Kd3 Ra7 33. Nd6
Ra8 34. Ba5+ Rxa5 35. c7+ Kd7 36. Nxe8 1-0

[Event "77th Ukrainian Chess Championship"]
[Site "Poltava"]
[Date "2008.12.04"]
[Round "3"]
[White "Kryvoruchko, Yuriy"]
[Black "Nyzhnyk, Illya"]
[Result "1/2-1/2"]
[WhiteElo "2627"]
[BlackElo "2444"]
[PlyCount "165"]
[EventDate "2008.12.02"]

1. e4 c5 2. Nf3 d6 3. d4 cxd4 4. Nxd4 Nf6 5. Nc3 a6 6. Be3 e5 7. Nb3 Be6 8. f3
h5 9. Qd2 Nbd7 10. a4 Rc8 11. Be2 Be7 12. O-O O-O 13. Rfd1 Qc7 14. a5 Rfd8 15.
Bf1 d5 16. exd5 Nxd5 17. Nxd5 Bxd5 18. Qxd5 Nf6 19. Qc4 Rxd1 20. Rxd1 Qxc4 21.
Bxc4 Rxc4 22. c3 Kf8 23. Kf2 Ke8 24. Ke2 Nd7 25. Rd5 f6 26. Kd3 Rc6 27. Nd2 Bc5
28. Nc4 Ke7 29. b4 Bxe3 30. Nxe3 g6 31. c4 f5 32. Kc3 Ke6 33. Rd2 f4 34. Nd5 g5
35. h3 Rc8 36. Kb3 Nb8 37. Nb6 Rg8 38. c5 g4 39. Rd6+ Kf5 40. Nd5 gxf3 41. Ne7+
Kg5 42. gxf3 Re8 43. Re6 h4 44. Rg6+ Kh5 45. Rg7 Nc6 46. Nd5 Rf8 47. Rxb7 e4
48. Rh7+ Kg5 49. fxe4 f3 50. Rg7+ Kh6 51. Rg1 f2 52. Rf1 Rf3+ $11 53. Kc2 Kh5
54. Kd2 Kg5 55. b5 axb5 56. a6 Rxh3 57. Rxf2 Ra3 58. Rg2+ Kh6 59. Rg4 h3 60.
Ne3 Rxa6 61. Nf5+ Kh5 62. Rh4+ Kg5 63. Rxh3 Ra2+ 64. Kc1 Kf4 65. Nd6 b4 66. Rd3
Rh2 67. Rd1 Rh5 68. Rf1+ Ke3 69. Nf5+ Kd3 70. Kb1 Rh3 71. Nd6 Kd4 72. Rc1 Rh5
73. Kb2 Rh3 74. Rc2 Rf3 75. Rc1 Rh3 76. Rc4+ Kd3 77. Rc1 Kd4 78. Rc4+ Kd3 79.
e5 Rh2+ 80. Kb1 Rh1+ 81. Kb2 Rh2+ 82. Kb1 Rh1+ 83. Kb2 1/2-1/2

[Event "77th Ukrainian Chess Championship"]
[Site "Poltava"]
[Date "2008.12.04"]
[Round "3"]
[White "Kuzubov, Yuriy"]
[Black "Vovk, Yuri"]
[Result "1-0"]
[WhiteElo "2622"]
[BlackElo "2549"]
[PlyCount "59"]
[EventDate "2008.12.02"]

1. c4 e6 2. Nc3 d5 3. d4 c5 4. e3 Nf6 5. Nf3 Nc6 6. a3 cxd4 7. exd4 g6 8. c5
Ne4 9. Bb5 Bg7 10. Bxc6+ bxc6 11. O-O Nxc3 12. bxc3 Ba6 13. Re1 Qa5 14. Bf4
Qxc3 15. Re3 Qa5 16. Bd6 Bh6 17. Rb3 f6 18. Rab1 Bb5 19. a4 Qxa4 20. Qe1 Kd7
21. Rxb5 cxb5 22. Ra1 Qxa1 23. Qxa1 a5 24. Ne1 a4 25. Qa3 Kc6 26. f4 Bf8 27.
Bxf8 Rhxf8 28. Nd3 Rfb8 29. Nb4+ Kd7 30. Kf2 1-0